000 01040nam a22002897a 4500
001 BR9402986
003 BR-BrBNA
005 20230928094035.0
007 ta
008 230509b bl.||||| |||| 00| 0 por d
040 _aBR-BrBNA
_bpor
_cBiblioteca Nacional de Agricultura
041 _a(Por)
072 _aL74
_b5212
_b8830
_b3876
090 _ 5212 BR9402986
100 1 _aPaulino, C.A.
110 1 _aUniversidade de Sao Paulo, SP (Brasil). Faculdade de Medicina Veterinaria e Zootecnia
_0Tese (Mestre em Patologia Experimental e Comparada)
_910560
245 1 _aIntoxicacao experimental de bovinos e ratos pelo herbicida 2,4-D (acido 2,4-Diclorofenoxiacetico): uma avaliacao clinica, laboratorial e histopatologica
260 3 _aSao Paulo, SP (Brasil):
_c155 p..
300 _a152 p.
500 _a14 graphs; 21 tables; Summaries (Eng, Por); Bibliography p. 140-152 (107 ref.)
650 _aBovino
650 _aRato
650 _aHerbicida
650 _aIntoxicacao
909 _a202309
_bLucia
_c55
_dLucia Elande
942 _cBK
999 _c48558
_d48558